000 003000000a22000970004500
100 1 _aParrott, Douglas M.
245 1 0 _aThe 13 kingdoms of the Apocalypse of Adam : Origin, meaning and significance
300 _aVol. 31, Num. 1 (Enero, 1989), Páginas 67-87
773 0 _tNovum Testamentum
942 _cANA
999 _c56768
_d56768